[Event "ELD_1819"]
[Site "?"]
[Date "2019.04.14"]
[Round "7.11"]
[White "Krizek, Krystof"]
[Black "Bartos, Vaclav"]
[Result "1/2-1/2"]
[BlackElo "1807"]
[WhiteElo "1860"]
[LiveChessVersion "1.4.8"]

1. e4 {[%clk 1:30:59]} c5 {[%clk 1:00:23]} 2. b3 {[%clk 1:31:23]} d6
{[%clk 1:00:33]} 3. Bb2 {[%clk 1:31:03]} Nc6 {[%clk 1:00:36]} 4. f4
{[%clk 1:30:36]} e5 {[%clk 0:59:46]} 5. Nf3 {[%clk 1:29:53]} Nf6 {[%clk 0:53:37]}
6. Bc4 {[%clk 1:24:31]} Bg4 {[%clk 0:47:14]} 7. O-O {[%clk 1:23:02]} Be7
{[%clk 0:38:52]} 8. d3 {[%clk 1:12:26]} O-O 9. h3 {[%clk 1:12:09]} Bxf3
{[%clk 0:37:50]} 10. Qxf3 {[%clk 1:12:20]} Nd4 {[%clk 0:38:05]} 11. Bxd4
{[%clk 1:02:33]} cxd4 {[%clk 0:38:28]} 12. Nd2 {[%clk 0:58:52]} Qa5
{[%clk 0:38:20]} 13. Qe2 {[%clk 0:56:49]} b5 {[%clk 0:36:10]} 14. Bd5
{[%clk 0:57:03]} Nxd5 {[%clk 0:36:37]} 15. exd5 {[%clk 0:57:26]} Rac8
{[%clk 0:34:51]} 16. Nf3 {[%clk 0:48:12]} b4 {[%clk 0:27:50]} 17. fxe5
{[%clk 0:42:56]} Qxd5 {[%clk 0:27:34]} 18. a3 {[%clk 0:41:14]} dxe5
{[%clk 0:20:46]} 19. axb4 {[%clk 0:41:33]} Bxb4 {[%clk 0:21:05]} 20. Qxe5
{[%clk 0:25:06]} Qxe5 {[%clk 0:18:27]} 21. Nxe5 {[%clk 0:25:32]} Rxc2
{[%clk 0:16:37]} 22. Rxa7 {[%clk 0:25:34]} f6 {[%clk 0:16:34]} 23. Nf3
{[%clk 0:19:39]} Rc3 {[%clk 0:15:56]} 24. Ra4 {[%clk 0:17:59]} Rxb3
{[%clk 0:14:03]} 25. Rc1 {[%clk 0:18:00]} Rd8 {[%clk 0:11:30]} 26. Rc4
{[%clk 0:17:36]} Bc3 {[%clk 0:11:43]} 27. Nxd4 {[%clk 0:17:25]} Bxd4+
{[%clk 0:12:10]} 28. Rxd4 {[%clk 0:17:42]} Rxd3 {[%clk 0:12:30]} 29. Rxd8+
{[%clk 0:17:25]} Rxd8 {[%clk 0:12:57]} 30. Ra7 {[%clk 0:17:48]} h6
{[%clk 0:13:07]} 31. Kf2 {[%clk 0:16:35]} Rd2+ {[%clk 0:13:22]} 32. Kf3
{[%clk 0:16:43]} Kh7 {[%clk 0:13:42]} 33. Rb7 {[%clk 0:16:08]} h5
{[%clk 0:13:27]} 34. Rb5 {[%clk 0:15:47]} Kh6 {[%clk 0:12:12]} 35. g4
{[%clk 0:13:00]} Rd3+ {[%clk 0:09:36]} 36. Kg2 {[%clk 0:13:11]} hxg4
{[%clk 0:10:03]} 37. hxg4 {[%clk 0:13:33]} Re3 {[%clk 0:10:06]} 38. Ra5
{[%clk 0:12:06]} Re5 {[%clk 0:09:52]} 39. Ra3 {[%clk 0:12:16]} Kg5
{[%clk 0:09:41]} 40. Kg3 {[%clk 0:12:17]} g6 {[%clk 0:09:45]} 41. Rb3
{[%clk 0:12:20]} Ra5 {[%clk 0:10:10]} 42. Rc3 {[%clk 0:12:33]} Ra4
{[%clk 0:09:58]} 43. Rc5+ {[%clk 0:12:53]} f5 {[%clk 0:10:07]} 44. gxf5
{[%clk 0:13:08]} gxf5 {[%clk 0:10:35]} 45. Rc3 {[%clk 0:13:01]} Rg4+
{[%clk 0:09:37]} 46. Kf2 {[%clk 0:12:01]} Rb4 {[%clk 0:08:15]} 47. Kg3
{[%clk 0:11:39]} Rg4+ {[%clk 0:06:48]} 48. Kf2 {[%clk 0:12:00]} Rd4
{[%clk 0:07:11]} 49. Ra3 {[%clk 0:11:04]} Kf4 {[%clk 0:06:41]} 50. Rf3+
{[%clk 0:11:13]} Kg4 {[%clk 0:07:09]} 51. Rg3+ {[%clk 0:11:30]} Kh4
{[%clk 0:07:37]} 52. Ra3 {[%clk 0:11:46]} Rg4 {[%clk 0:07:27]} 53. Rb3
{[%clk 0:11:33]} f4 {[%clk 0:06:40]} 54. Ra3 {[%clk 0:11:17]} Rg5
{[%clk 0:06:48]} 55. Rb3 {[%clk 0:10:50]} Kg4 {[%clk 0:07:02]} 56. Ra3
{[%clk 0:10:52]} Rb5 {[%clk 0:07:07]} 57. Rc3 {[%clk 0:10:55]} Rb2+
{[%clk 0:06:52]} 58. Kf1 {[%clk 0:11:11]} f3 {[%clk 0:05:57]} 59. Rc8
{[%clk 0:11:35]} Rb4 {[%clk 0:06:04]} 60. Rg8+ {[%clk 0:11:37]} Kf4 61. Rh8
1/2-1/2

[Event "ELD_1819"]
[Site "?"]
[Date "2019.04.14"]
[Round "7.12"]
[White "Nemec, Jachym"]
[Black "Steinova, Kamila"]
[Result "1-0"]
[BlackElo "1361"]
[WhiteElo "1853"]
[LiveChessVersion "1.4.8"]

1. d4 {[%clk 1:30:57]} Nf6 {[%clk 1:30:40]} 2. Nf3 {[%clk 1:31:02]} e6
{[%clk 1:30:21]} 3. g3 {[%clk 1:30:59]} d5 {[%clk 1:29:37]} 4. Bg2
{[%clk 1:31:13]} Nbd7 {[%clk 1:29:01]} 5. O-O {[%clk 1:31:20]} b6
{[%clk 1:28:20]} 6. c4 {[%clk 1:31:04]} c5 {[%clk 1:26:24]} 7. Nc3
{[%clk 1:30:55]} Bb7 {[%clk 1:26:32]} 8. Bf4 {[%clk 1:21:10]} a6 {[%clk 1:15:53]}
9. e3 {[%clk 1:20:19]} Be7 {[%clk 1:12:34]} 10. Ne5 {[%clk 1:16:53]} O-O
{[%clk 1:09:55]} 11. Qe2 {[%clk 1:16:49]} Re8 {[%clk 1:07:16]} 12. Rfd1
{[%clk 1:16:54]} Nxe5 {[%clk 1:05:04]} 13. dxe5 {[%clk 1:06:17]} Nd7
{[%clk 0:56:19]} 14. cxd5 {[%clk 1:06:12]} exd5 {[%clk 0:55:20]} 15. Nxd5
{[%clk 1:05:24]} Bxd5 {[%clk 0:50:19]} 16. Bxd5 {[%clk 1:05:43]} Ra7
{[%clk 0:43:28]} 17. e6 {[%clk 1:06:03]} fxe6 {[%clk 0:43:04]} 18. Bxe6+
{[%clk 1:06:24]} Kh8 {[%clk 0:42:51]} 19. Qg4 {[%clk 1:06:44]} Bf6
{[%clk 0:25:26]} 20. Bxd7 {[%clk 1:06:59]} Re7 {[%clk 0:20:03]} 21. Bc6
{[%clk 1:07:08]} Qg8 {[%clk 0:18:56]} 22. Rd3 {[%clk 1:07:18]} h6
{[%clk 0:08:44]} 23. Rad1 {[%clk 1:07:28]} Kh7 {[%clk 0:08:30]} 24. Qf5+
{[%clk 1:07:48]} 1-0